Writing about literature / (Record no. 604)
[ view plain ]
| 000 -LEADER | |
|---|---|
| fixed length control field | 00522nam a22001937a 4500 |
| 005 - DATE AND TIME OF LATEST TRANSACTION | |
| control field | 20151006060850.0 |
| 008 - FIXED-LENGTH DATA ELEMENTS--GENERAL INFORMATION | |
| fixed length control field | 980317s1999 nju b 001 0 eng |
| 020 ## - INTERNATIONAL STANDARD BOOK NUMBER | |
| International Standard Book Number | 013081430X |
| 080 ## - UNIVERSAL DECIMAL CLASSIFICATION NUMBER | |
| Universal Decimal Classification number | 82-95 |
| 100 1# - Rafti | |
| Rafti | Roberts, Edgar V. |
| 245 10 - TITLE STATEMENT | |
| Title | Writing about literature / |
| Statement of responsibility, etc | Edgar V. Roberts. |
| 250 ## - | |
| -- | 9th ed. |
| 260 ## - | |
| -- | Upper Saddle River, N.J. : |
| -- | Prentice Hall, |
| -- | 1999. |
| 300 ## - | |
| -- | 400 f. ; |
| -- | 23 cm. |
| 505 ## - | |
| -- | Index: f.397 - 400 |
| 650 #0 - | |
| -- | Literatura |
| 650 #0 - | |
| -- | Shkrim Akademik |
| -- | . |
| 942 ## - ADDED ENTRY ELEMENTS (KOHA) | |
| Source of classification or shelving scheme | |
| Item type | Books |
No items available.